Sale of condemned property. Letter from the Sergeant at Arms of the Senate submitting, in compliance with law, a report of the receipts from the sale of condemned property since December 5, 1910.

Bibliographic Details
Corporate Author: ProQuest (Firm)
Format: eBook
Language:English
Published: Washington : [publisher not identified], 1911.
Series:United States congressional serial set.
Subjects:
Online Access:Connect to the full text of this electronic book

MARC

Tag First Indicator Second Indicator Subfields
LEADER 00000cam a22000001a 4500
001 in00002788913
005 20190331182629.0
006 m o d
007 cr bn mmmapmmp
008 100104s1911 dcud o f000 0 eng d
035 |a cis2004340178 
040 |a UMI  |c UMI  |d UtOrBLW 
043 |a n-us--- 
099 |a ProQuest Serial Set Number 6180 S.doc.118 
245 0 0 |a Sale of condemned property. Letter from the Sergeant at Arms of the Senate submitting, in compliance with law, a report of the receipts from the sale of condemned property since December 5, 1910. 
246 1 |a Sale and proceeds of condemned property of Senate, 1911 
264 1 |a Washington :  |b [publisher not identified],  |c 1911. 
300 |a 1 online resource. 
336 |a text  |b txt  |2 rdacontent 
337 |a computer  |b c  |2 rdamedia 
338 |a online resource  |b cr  |2 rdacarrier 
490 0 |a S.doc.118 
500 |a Record is based on bibliographic data in ProQuest U.S. Serial Set Digital Collection (last viewed Jan. 2010). Reuse except for individual research requires license from ProQuest, LLC. 
510 3 |a ProQuest U.S. Serial Set Digital Collection 
500 |a Electronic resource. 
610 1 0 |a United States.  |b Congress.  |b Senate. 
650 0 |a Revenue. 
655 7 |a Electronic books.  |2 local 
710 2 |a ProQuest (Firm) 
830 0 |a United States congressional serial set. 
856 4 0 |u http://proxy.library.tamu.edu/login?url=http://congressional.proquest.com/congcomp/getdoc?SERIAL-SET-ID=6180+S.doc.118  |z Connect to the full text of this electronic book  |t 0 
999 |a MARS 
999 f f |s afdae72d-4ec7-3acd-b81b-cbbaf8074175  |i b643f846-5068-3364-ad22-2416fe87966a  |t 0 
952 f f |a Texas A&M University  |b College Station  |c Electronic Resources  |d Available Online  |t 0  |e ProQuest Serial Set Number 6180 S.doc.118  |h Other scheme 
998 f f |a ProQuest Serial Set Number 6180 S.doc.118  |t 0  |l Available Online